Загрузка...

Open veins of Latin America : five centuries of the pillage of a continent /

Библиографические подробности
Главный автор: Galeano, Eduardo H.
Формат: Printed Book
Опубликовано: New York : Monthly Review Press, 2010
Редактирование:25th anniversary ed. /
LEADER 00618pam a2200157 a 4500
020 |a 0853459916 (pbk. : alk. paper) 
020 |a 0853459908 (cloth : alk. paper) 
082 0 0 |a 330.98  |b GAL/O 
100 1 |a Galeano, Eduardo H., 
245 1 0 |a Open veins of Latin America :  |b five centuries of the pillage of a continent / 
250 |a 25th anniversary ed. / 
260 |a New York :  |b Monthly Review Press,  |c 2010 
300 |a xiii, 317 p. ; 
942 |c BK 
999 |c 148037  |d 148033 
952 |0 0  |1 0  |4 0  |6 330_980000000000000_GAL_O  |7 0  |9 146806  |a IUCSSER  |b IUCSSER  |c GEN  |d 2012-10-17  |g 375.00  |l 0  |o 330.98 GAL/O  |p IUC00104  |r 2012-10-17  |w 2012-10-17  |y BK